000 00480nam a2200157 a 4500
001 000032560
005 20250502073820.0
008 110428s1985 dr 000 0 spa d
040 _aDO-SdBNP
_bspa
_cBNPHU
082 _axxxx
_bR426
110 1 _aRepública Dominicana.
_bOficina Nacional de Administración y Personal
_926398
245 1 0 _aProgramación :
_bcurso de adiestramiento 1985.
260 _aSanto Domingo :
_bONAP,
_c1985.
300 _a76 p. ;
_c22 cm.
049 _aBNPD
999 _c32051
_d32051